Operations research (Record no. 182186)

MARC details
000 -LEADER
fixed length control field 00399nam a2200169Ia 4500
005 - DATE AND TIME OF LATEST TRANSACTION
control field 20250415134827.0
008 - FIXED-LENGTH DATA ELEMENTS--GENERAL INFORMATION
fixed length control field 231217s9999 xx 000 0 und d
020 ## - INTERNATIONAL STANDARD BOOK NUMBER
International Standard Book Number 9788125912750
082 ## - DEWEY DECIMAL CLASSIFICATION NUMBER
Classification number 001.424 KAL;18
100 ## - MAIN ENTRY--PERSONAL NAME
Personal name Kalavathy, S.
245 #0 - TITLE STATEMENT
Title Operations research
250 ## - EDITION STATEMENT
Edition statement 2nd ed.
260 ## - PUBLICATION, DISTRIBUTION, ETC. (IMPRINT)
Date of publication, distribution, etc. 2002
Name of publisher, distributor, etc. Vikas
Place of publication, distribution, etc. New Delhi
300 ## - PHYSICAL DESCRIPTION
Extent xv+536
650 ## - SUBJECT ADDED ENTRY--TOPICAL TERM
Topical term or geographic name as entry element Operations
942 ## - ADDED ENTRY ELEMENTS (KOHA)
Koha item type Books
Holdings
Date last seen Total Checkouts Full call number Accession number Old discount Cost, replacement price Price effective from Category Lost status Damaged status Department Withdrawn status bill no. bill date Permanent Location Current Location Shelving location Entry date Vendor Cost, normal purchase price Grants Currency symbol Conversion rate Discount Discount type
26/01/2024   001.424 KAL;18 52578 25 131.25 26/01/2024 Books     Central Library   52181 17/05/2012 Central Library Central Library Central Library 13/02/2009 Book Paradise 175.00 MCA RS 1 43.75 Rupees
26/01/2024   001.424 KAL;19 52579 25 131.25 26/01/2024 Books     Central Library   52181 10/05/2012 Central Library Central Library Central Library 13/02/2009 Book Paradise 175.00 MCA RS 1 43.75 Rupees
26/01/2024   001.424 KAL;31 78517     26/01/2024 Books     Central Library     30/05/2015 Central Library Central Library Central Library 30/05/2011     DONATED RS 1   Rupees
26/01/2024   001.424 KAL;32 78590     26/01/2024 Books     Central Library     17/06/2016 Central Library Central Library Library Annex 10/06/2011     DONATED RS 1   Rupees

© For any Suggestions or Query, please contact the library staff @ librarian@pes.edu or Phone: +9180 2672 1983/ 2108.